EU – Republic of Korea the Free Trade Agreement Evaluation

Obchodná bilancia Európskej únie a Kórei. Model obchodnej bilancie.

Salvato in:
Dettagli Bibliografici
Autore principale: Gardoňová, Kristína
Altri autori: Prno, Róbert
Natura: Capitolo di libro
Lingua:inglese
Soggetti:
Tags: Aggiungi Tag
Nessun Tag, puoi essere il primo ad aggiungerne!!

MARC

LEADER 00000naa a2200000 4500
001 0233962
005 20240502073809.8
041 0 |a eng 
044 |a SK 
245 1 0 |a EU – Republic of Korea the Free Trade Agreement Evaluation  |c Kristína Gardoňová, Róbert Prno 
520 |a Obchodná bilancia Európskej únie a Kórei. Model obchodnej bilancie. 
610 2 0 |a Európska únia 
610 2 0 |a Kórea 
610 2 0 |a obchod voľný 
610 2 0 |a bilancia obchodná 
610 2 0 |a vývoz 
610 2 0 |a dohody obchodné medzinárodné 
100 1 |a Gardoňová, Kristína 
700 1 |a Prno, Róbert